000 00637nam a2200205Ia 4500
003 GCL
008 140319s9999 xx 000 0 ara d
040 _aGCL /
_cGCL
082 0 4 _a028.7
_bك س
100 1 _aكارولين سوتون
245 1 0 _aشرح غرائب العالم الحديث: كيف يفعلون ذلك /
_cكارولين سوتون
700 1 _aماجد طيفور
260 _a[S.N] :
_bالدار العربية للعلوم ،
_c1991
300 _a143 ص
490 _a
650 0 4 _aالتثقيف الذاتى
650 0 4 _aالثقافة الذاتية
650 0 4 _aالمعرفة
942 _2ddc
_cBK
999 _c53358
_d53358